Constitutional foundings in Southeast Asia (Record no. 1430047)
[ view plain ]
| 000 -LEADER | |
|---|---|
| fixed length control field | 01808nam a2200253Ia 4500 |
| 005 - DATE AND TIME OF LATEST TRANSACTION | |
| control field | 20250604110356.0 |
| 008 - FIXED-LENGTH DATA ELEMENTS--GENERAL INFORMATION | |
| fixed length control field | 008 250516s9999 xx 000 0 eng d |
| 020 ## - INTERNATIONAL STANDARD BOOK NUMBER | |
| International Standard Book Number | 9789361319266 |
| 040 ## - CATALOGING SOURCE | |
| Original cataloging agency | SDCL |
| Language of cataloging | eng |
| Transcribing agency | SDCL |
| 041 ## - LANGUAGE CODE | |
| Language code of text/sound track or separate title | eng |
| Source of code | eng |
| 084 ## - COLON CLASSIFICATION NUMBER | |
| Classification number | V2:2'P R5 |
| Assigning agency | SDCL |
| 245 #0 - TITLE STATEMENT | |
| Title | Constitutional foundings in Southeast Asia |
| 260 ## - PUBLICATION, DISTRIBUTION, ETC. | |
| Place of publication, distribution, etc. | New Delhi: |
| Name of publisher, distributor, etc. | Bloomsbury, |
| Date of publication, distribution, etc. | 2025. |
| 300 ## - PHYSICAL DESCRIPTION | |
| Extent | xi, 337p. |
| 365 ## - TRADE PRICE | |
| Price type code | INR |
| Price amount | 1299 |
| 490 ## - SERIES STATEMENT | |
| Series statement | Constitutionalism in Asia |
| 520 ## - SUMMARY, ETC. | |
| Summary, etc. | This volume focuses on the making, nature, and role of the first modern constitutions at the founding of the modern nation-states in Southeast Asia. These historical essays add richly to our understanding and appreciation of the founding moments and to the theory and practice of constitutionalism in these states. This volume makes three significant contributions. First, it helps plug the wide knowledge gap in comparative constitutional history in Southeast Asia. Second, it furthers our understanding of contemporary constitutional practice and also anticipates possible developmental trajectories in light of the foundational values embedded in and manifested through these constitutions. Third, through the comparative historical study of these early constitutions, plausible theoretical insights may be gained to further our understanding of Southeast Asia's constitutional history. The book is essential reading for those wishing to obtain a deeper understanding of the constitutional foundings of Southeast Asia. |
| 650 ## - SUBJECT ADDED ENTRY--TOPICAL TERM | |
| Topical term or geographic name entry element | Constitutional history -- Southeast Asia |
| 9 (RLIN) | 811676 |
| 650 ## - SUBJECT ADDED ENTRY--TOPICAL TERM | |
| Topical term or geographic name entry element | Constitutional law -- History -- Southeast Asia |
| 9 (RLIN) | 811677 |
| 650 ## - SUBJECT ADDED ENTRY--TOPICAL TERM | |
| Topical term or geographic name entry element | Law / Comparative, Law / Constitutional |
| 9 (RLIN) | 811678 |
| 700 ## - ADDED ENTRY--PERSONAL NAME | |
| Personal name | Tan, Kevin YL |
| 9 (RLIN) | 809869 |
| 700 ## - ADDED ENTRY--PERSONAL NAME | |
| Personal name | Son, Bui ngoc |
| 9 (RLIN) | 811679 |
| 942 ## - ADDED ENTRY ELEMENTS (KOHA) | |
| Koha item type | Textual |
| Source of classification or shelving scheme | Colon Classification (CC) |
| Suppress in OPAC | No |
| Withdrawn status | Lost status | Source of classification or shelving scheme | Damaged status | Not for loan | Home library | Current library | Date acquired | Source of acquisition | Inventory number | Total Checkouts | Full call number | Barcode | Date last seen | Price effective from | Koha item type |
|---|---|---|---|---|---|---|---|---|---|---|---|---|---|---|---|
| Colon Classification (CC) | South Campus Library | South Campus Library | 2025-05-22 | Shivam Book Service | 182, 18/02/2025 | V2:2'P R5 | SC1691409 | 2025-05-22 | 2025-05-22 | Textual |
